Leadership and the one minute manager

Bibliographic Details
Main Author: Blanchard, Ken
Other Authors: Zigarmi, Drea, Zigarmi, Patrica
Format: Book
Published: London : HarperCollins Publishers , 2004
Subjects:

MARC

LEADER 00000cam a2200000 7i4500
001 0000023905
005 20081113.0
008 081113
020 |a 0007103416 
090 0 0 |a 658.4092   |b BLA 
100 1 |a Blanchard, Ken 
245 1 0 |a Leadership and the one minute manager   |c Ken Blanchard, Patricia Zigarmi, Drea Zigarmi 
260 |a London :   |b HarperCollins Publishers ,   |c 2004 
650 0 |a Leadership 
650 0 |a Organizational effectiveness 
700 1 |a Zigarmi, Drea 
700 1 |a Zigarmi, Patrica 
999 |a 0001037394   |b Book   |c Adult Collection   |e Perbadanan Perpustakaan Awam Johor 
999 |a 0001037395   |b Book   |c Adult Collection   |e Perbadanan Perpustakaan Awam Johor 
999 |a 0001037396   |b Book   |c Annual Reports   |e Cawangan Urban Transformation Centre